000 00566nam a22001937a 4500
001 45599
003 BD-DhUET
008 250802b xxu||||| |||| 00| 0 eng d
040 _c0
_dBD-DhUET
082 _a625.85
_bSAI/2025
100 _aSaiful Islam
245 _aEvaluation of crumb rubber as a replacement for fine aggregate in hot mix asphalt concrete
260 _aDhaka
_bDepartment of Civil Engineering, BUET
_c2025
300 _axiii,101p.
501 _aOne CD-ROM
504 _aIncludes bibliographies
650 0 _aAsphalt emulsion mixtures
942 _cTH
999 _c45599
_d45599